Možnosti štúdia na Národohospodárskej fakulte Ekonomickej univerzity v Bratislave.

Nová koncepcia štúdia na Ekonomickej univerzite v Bratislave prijatá v roku 1991. Profilácia študentov a absolventov, dĺžka a členenie štúdia, obsah a štruktúra štúdia, zameranie voliteľných blokov a predmetov. Špecifikum štúdia na Národohospodárskej fakulte EU. Podmienky pre prijatie na štúdium.

Na minha lista:
Detalhes bibliográficos
Autor principal: Čejková, Viktória
Formato: Capítulo de Livro
Idioma:eslovaco
Assuntos:
Tags: Adicionar Tag
Sem tags, seja o primeiro a adicionar uma tag!

MARC

LEADER 00000naa a2200000 4500
001 r012093
005 20220826093853.0
041 0 |a slo 
044 |a CZ 
245 1 0 |a Možnosti štúdia na Národohospodárskej fakulte Ekonomickej univerzity v Bratislave.  |c Viktória Čejková 
520 |a Nová koncepcia štúdia na Ekonomickej univerzite v Bratislave prijatá v roku 1991. Profilácia študentov a absolventov, dĺžka a členenie štúdia, obsah a štruktúra štúdia, zameranie voliteľných blokov a predmetov. Špecifikum štúdia na Národohospodárskej fakulte EU. Podmienky pre prijatie na štúdium. 
610 2 0 |a štúdium vysokoškolské 
610 2 0 |a Národohospodárska fakulta Ekonomickej univerzity v Bratislave 
610 2 0 |a odbory študijné 
610 2 0 |a politika hospodárska 
610 2 0 |a sústava finančná 
610 2 0 |a peňažníctvo 
100 1 |a Čejková, Viktória